Sports Quiz

Random Sports or NBA Quiz

NBA Turnovers Quiz Stats

 Plays Quiz Updated May 1, 2019

Score 0/30 Timer 06:00
6 Plays Today
Rank Player % Correct
28Michael Jordan
87.7%
3LeBron James
85.6%
4Kobe Bryant
80.2%
11Magic Johnson
80%
2John Stockton
78.1%
18Shaquille O'Neal
74.7%
13Steve Nash
66.9%
1Karl Malone
66.7%
19Allen Iverson
66.4%
6Moses Malone
65.7%
5Jason Kidd
65.5%
17Russell Westbrook
63.7%
20Scottie Pippen
60.6%
16Dwyane Wade
52.9%
7Isiah Thomas
49.1%
Rank Player % Correct
22Kevin Garnett
47.6%
9Patrick Ewing
46.7%
8Hakeem Olajuwon
45.9%
29Tony Parker
45.4%
15Charles Barkley
43.8%
24Andre Miller
41.8%
26Gary Payton
41.5%
23Mark Jackson
38.5%
27Clyde Drexler
35.2%
10Paul Pierce
35.2%
14Tim Duncan
31%
21Robert Parish
29.2%
25Dwight Howard
25.8%
30Rod Strickland
8.3%
12Reggie Theus
3.6%

You're not logged in!

Compare scores with friends on all Sporcle quizzes.
OR
Log In

Sporcle TV

Today on Sporcle TV


Watch our educational content, quiz creation guides, and fun videos on Sporcle TV.

Show Comments

Extras

Top Quizzes Today


Score Distribution

Your Account Isn't Verified!

In order to create a playlist on Sporcle, you need to verify the email address you used during registration. Go to your Sporcle Settings to finish the process.

Report this User

Report this user for behavior that violates our Community Guidelines.

Details: